Educational technology & society journal of International Forum of Educational Technology & Society and IEEE Learning Technology Task Force.

It provides information on the issues affecting the developers of educational systems and educators who implement and manage such systems.

Detalles Bibliográficos
Autores Corporativos: International Forum of Educational Technology & Society, IEEE Learning Technology Task Force
Formato: Electrónico Revista
Lenguaje:inglés
hebreo
francés
ruso
Publicado: Palmerston North, N.Z. : International Forum of Educational Technology & Society
Materias:
Acceso en línea:Full text available from Research Library: 01/01/2004 to present

MARC

LEADER 00000nas a2200000 a 4500
001 ssj0020460
003 WaSeSS
005 20200512172242.0
006 m d
007 cr n
008 990813c19989999nz qr pss 0 0eng c
010 |a sn 99023422  
016 |a (AMICUS)000022267060 
022 |a 1436-4522  |l 1176-3647  |y 1176-3647 
030 |a ETSDB7 
035 |a (WaSeSS)ssj0020460 
037 |a 22573/ctt3bb5rr  |b JSTOR 
040 |a EYM  |b eng  |c EYM  |d CAS  |d OCLCQ  |d IUL  |d OCLCQ  |d AAA  |d CUS  |d OCLCQ  |d DLC  |d N@F  |d OCLCQ  |d OCLCO  |d OCLCF  |d OCLCO  |d TEF  |d OCLCQ  |d LND  |d NLC  |d OCLCQ  |d NTG  |d CUS  |d NLC  |d WaSeSS 
041 0 |a eng  |a heb  |a fre  |a rus 
042 |a pcc 
050 4 |a LB1028.3 
082 0 4 |a 371.307805 
210 0 |a Educ. technol. soc. 
222 0 |a Educational technology & society 
245 0 0 |a Educational technology & society  |h [electronic resource] :  |b journal of International Forum of Educational Technology & Society and IEEE Learning Technology Task Force. 
246 3 |a Educational technology and society 
246 3 |a Educational technology & society journal 
246 1 |i Issues from v. 6, no. 2 (July 2003) have title:  |a Journal of educational technology & society 
246 1 3 |a ET & S 
260 |a Palmerston North, N.Z. :  |b International Forum of Educational Technology & Society 
310 |a Quarterly 
362 0 |a Vol. 1, no. 1 (Oct. 1998)- 
500 |a Title from ET & S homepage (viewed May 5, 2003). 
506 |a License restrictions may limit access. 
515 |a Issued and archived quarterly with new articles added as they are ready for publication. 
520 8 |a It provides information on the issues affecting the developers of educational systems and educators who implement and manage such systems. 
538 |a Mode of access: World Wide Web. 
546 |a Chiefly in English, with some articles published in French, Hebrew or Russian. 
588 |a Latest issue consulted: Vol. 22, no. 1 (2019) (publisher's website, viewed November 17, 2019). 
610 2 4 |a Institute of Electrical and Electronics Engineers. International Forum of Educational Technology and Society. 
650 0 |a Educational technology  |v Periodicals. 
650 0 |a Computer-assisted instruction  |v Periodicals. 
650 7 |a Computer-assisted instruction.  |2 fast  |0 (OCoLC)fst00872725 
650 7 |a Educational technology.  |2 fast  |0 (OCoLC)fst00903623 
653 |a Educational technology  |a society  |a artificial intelligence  |a educators  |a instruction  |a technology  |a culture  |a context  |a performance  |a learning  |a educational systems  |a learning styles  |a knowledge  |a educationalists  |a teachers  |a human computer interaction  |a teacher model 
655 0 |a Electronic journals. 
710 2 |a International Forum of Educational Technology & Society. 
710 2 |a IEEE Learning Technology Task Force. 
853 2 0 |8 1  |a v.  |b no.  |u 4  |v r  |i (year)  |j (month)  |w q  |x 01  |y pm01,04,07,10 
856 4 0 |z Full text available from Research Library: 01/01/2004 to present  |u https://search.proquest.com/publication/1586335 
863 4 1 |8 1.1  |a 2  |b 1  |i 1999  |j 01